000 00244nam a2200097Ia 4500
008 240331s9999 xx 000 0 und d
082 _bTHI
100 _aThiruchelvan,N
245 0 _aManida urimegal arassa ameyipuwadam panmythuwamu pal
942 _cL
999 _c2445
_d2445